00338nam a2200121Ia 4500008004100000041000800041082001700049100001800066245004400084260004500128300003200173365001100205240624s9999 xx 000 0 und d aeng a658.4038 HIS aHISLOP DONALD aKNOWLEDGE MANAGEMENT IN ORGANIZATIONS A c2008aNew DelhibOxford University press axiii, : 269 : p. : cm. ; 23 cRSb30